000 00388nam a2200133Ia 4500
008 100328s9999 xx 000 0 und d
082 _b54203
100 _aसोमण वा.वि.
245 _aजनावरांचे रोग
260 _bउदयम
630 _aजनावरांचे रोग
730 _aजनावरांचे रोग
942 _cBOOK
999 _c540923
_d540920